000 00607nam a22001937a 4500
005 20140822111716.0
010 _aENG-110527
020 _a9788178127224
_c445.00
035 _aEN-94059
037 _bDBAD/PUB
082 _a363.7
100 _aSingh,B.B.
245 _aR.Gupta's UGC NET/SET environmental sciences paper ll & lll /
_cby B.B.Singh [and] Ravindra Pandey
260 _aNew Delhi
_bRamesh Publishing House
_c2013
270 _a12-H,New Daryaganj Road,
_bNew Delhi
_e110002
300 _axvi,640p.
_c24cm(pbk)
700 _aPandey, Ravindra
942 _2ddc
_cEN
_mSIN
_h363.7
999 _c87226
_d87226